World Map Darts - Statistics

General Stats
  • This quiz has been taken 376 times
    370 since last reset
  • The average score is 27 of 197
Answers on the Map
Answers color-coded by a green-red scale on the quiz's map according to % correct below.
 
Answer Stats
Answer % Correct
Germany
26%
Portugal
26%
Greece
25%
Iceland
25%
United Kingdom
25%
Canada
24%
Italy
24%
Denmark
23%
Norway
23%
Spain
23%
United States
23%
Argentina
22%
China
22%
India
22%
Iran
22%
Japan
22%
Madagascar
22%
Maldives
22%
Morocco
22%
Poland
22%
Saudi Arabia
22%
South Africa
22%
South Korea
22%
Sri Lanka
22%
Turkey
22%
Brazil
21%
Finland
21%
France
21%
New Zealand
21%
Sweden
21%
Bahamas
20%
Chile
20%
Egypt
20%
Kazakhstan
20%
Oman
20%
Democratic Republic of the Congo
19%
Indonesia
19%
Ireland
19%
Malaysia
19%
North Korea
19%
Philippines
19%
Somalia
19%
Australia
18%
Estonia
18%
Mexico
18%
Mongolia
18%
Myanmar
18%
Pakistan
18%
Papua New Guinea
18%
Russia
18%
Tunisia
18%
Ukraine
18%
Croatia
17%
Mozambique
17%
Netherlands
17%
Afghanistan
16%
Bahrain
16%
Dominican Republic
16%
East Timor
16%
Romania
16%
São Tomé and Principe
16%
Algeria
15%
Angola
15%
Colombia
15%
Czechia
15%
Jamaica
15%
Libya
15%
Malta
15%
Mauritius
15%
Panama
15%
Peru
15%
Sudan
15%
Taiwan
15%
United Arab Emirates
15%
Uruguay
15%
Yemen
15%
Belarus
14%
Belgium
14%
Bolivia
14%
Cambodia
14%
Cameroon
14%
Cape Verde
14%
Cuba
14%
Cyprus
14%
Ethiopia
14%
Fiji
14%
Kiribati
14%
Latvia
14%
Lithuania
14%
Monaco
14%
Namibia
14%
Nepal
14%
San Marino
14%
Serbia
14%
Seychelles
14%
Thailand
14%
Vatican City
14%
Venezuela
14%
Vietnam
14%
Andorra
13%
Austria
13%
Azerbaijan
13%
Bosnia and Herzegovina
13%
Chad
13%
Federated States of Micronesia
13%
Nigeria
13%
Slovenia
13%
South Sudan
13%
Bangladesh
12%
Botswana
12%
Comoros
12%
Ecuador
12%
Haiti
12%
Luxembourg
12%
Mauritania
12%
Senegal
12%
Tanzania
12%
Albania
11%
Bulgaria
11%
Costa Rica
11%
Equatorial Guinea
11%
Iraq
11%
Ivory Coast
11%
Laos
11%
Lesotho
11%
Liechtenstein
11%
Mali
11%
Paraguay
11%
Qatar
11%
Saint Vincent and the Grenadines
11%
Singapore
11%
Syria
11%
Uganda
11%
Belize
10%
Brunei
10%
Burkina Faso
10%
Central African Republic
10%
Djibouti
10%
Dominica
10%
Eritrea
10%
Eswatini
10%
Gabon
10%
Ghana
10%
Guyana
10%
Honduras
10%
Hungary
10%
Jordan
10%
Kosovo
10%
Kuwait
10%
Kyrgyzstan
10%
Liberia
10%
Montenegro
10%
Nauru
10%
Nicaragua
10%
Niger
10%
Sierra Leone
10%
Slovakia
10%
Switzerland
10%
Trinidad and Tobago
10%
Turkmenistan
10%
Zimbabwe
10%
Barbados
9%
Bhutan
9%
Israel
9%
Kenya
9%
North Macedonia
9%
Palestine
9%
Tuvalu
9%
Uzbekistan
9%
Zambia
9%
Antigua and Barbuda
8%
Georgia
8%
Guatemala
8%
Lebanon
8%
Malawi
8%
Marshall Islands
8%
Palau
8%
Samoa
8%
Solomon Islands
8%
Suriname
8%
Armenia
7%
Benin
7%
Burundi
7%
El Salvador
7%
Gambia
7%
Guinea
7%
Moldova
7%
Saint Kitts and Nevis
7%
Saint Lucia
7%
Vanuatu
7%
Grenada
6%
Guinea-Bissau
6%
Republic of the Congo
6%
Rwanda
6%
Tajikistan
6%
Togo
6%
Tonga
6%
No matching quizzes found
Score Distribution
Percent of People with Each Score
Percentile by Number Answered
Your Score History
You have not taken this quiz since the last reset